LEADER 03826oam 2200853 c 450 001 9910642296103321 005 20260302090207.0 010 $a9783839451892 010 $a3839451892 024 7 $a10.14361/9783839451892 035 $a(CKB)4100000011789166 035 $a(DE-B1597)546271 035 $a(OCoLC)1240583806 035 $a(DE-B1597)9783839451892 035 $a(MiAaPQ)EBC6508016 035 $a(Au-PeEL)EBL6508016 035 $a(transcript Verlag)9783839451892 035 $a(ScCtBLL)0872d264-01f2-462e-b6a6-18b18380a86b 035 $a(Perlego)1637878 035 $a(EXLCZ)994100000011789166 100 $a20260302d2021 uy 0 101 0 $aeng 135 $aur||#|||||||| 181 $ctxt$2rdacontent 182 $cc$2rdamedia 183 $acr$2rdacarrier 200 00$aAuthority and Trust in US Culture and Society$eInterdisciplinary Approaches and Perspectives$fGünter Leypoldt, Manfred Berg 205 $a1st ed. 210 $aBielefeld$ctranscript Verlag$d2021 215 $a1 online resource (282 p.) 225 0 $aAmerican Culture Studies 311 08$a9783837651898 311 08$a3837651894 327 $tFrontmatter --$tContents --$tPreface --$tIntroduction --$tThe Decline of Political Trust and the Rise of Populism in the United States --$tWaning Trust in (Scientific) Experts and Expertise? --$tShifting Meridians of Global Authority --$tTrust and the City --$t?We must trust that look of hers? --$t?We believe that we have a right to revelations, visions, and dreams from God? --$tThe Trust Debate in the Literature of the American Renaissance --$tAuthority, Genealogy, Infrastructure --$tShoppers, Worshippers, Culture Warriors --$tList of Contributors 330 $aIn the past two decades, a discourse of crisis has emerged about the democratic institutions and political culture of the US: many structures of authority which people had more or less taken for granted are facing a massive public loss of trust. This volume takes an interdisciplinary and historical look at the transformations of authority and trust in the United States. The contributors examine government institutions, political parties, urban neighborhoods, scientific experts, international leadership, religious communities, and literary production. Exploring the nexus between authority and trust is crucial to understand the loss of legitimacy experienced by political, social, and cultural institutions not only in the United States but in Western democracies at large. 410 0$aAmerican Culture Studies 517 2 $aLeypoldt/Berg (eds.), Authority and Trust$eInterdisciplinary Approaches and Perspectives 606 $aTrust 606 $aAuthority 606 $aPopulism 606 $aUrbanity 606 $aUS Religion 606 $aUS Literature 606 $aAmerica 606 $aPolitics 606 $aLiterature 606 $aAmerican History 606 $aPolicy 606 $aAmerican Studies 606 $aHistory 606 $aCultural Studies 615 4$aTrust 615 4$aAuthority 615 4$aPopulism 615 4$aUrbanity 615 4$aUS Religion 615 4$aUS Literature 615 4$aAmerica 615 4$aPolitics 615 4$aLiterature 615 4$aAmerican History 615 4$aPolicy 615 4$aAmerican Studies 615 4$aHistory 615 4$aCultural Studies 676 $a303.3/6 702 $aLeypoldt$b Günter$p
Günter Leypoldt, Universität Heidelberg, Deutschland
$4edt 702 $aBerg$b Manfred$pManfred Berg, Universität Heidelberg, Deutschland
$4edt 801 0$bDE-B1597 801 1$bDE-B1597 906 $aBOOK 912 $a9910642296103321 996 $aAuthority and Trust in US Culture and Society$93008778 997 $aUNINA